Normal view
MARC view
Entry Personal Name
001 - CONTROL NUMBER
- control field: 83938
003 - CONTROL NUMBER IDENTIFIER
- control field: OSt
005 - DATE AND TIME OF LATEST TRANSACTION
- control field: 20260405134131.0
008 - FIXED-LENGTH DATA ELEMENTS
- fixed length control field: 260405|| aca||aabn | a|a d
040 ## - CATALOGING SOURCE
- Original cataloging agency: OSt
- Transcribing agency: OSt
100 ## - HEADING--PERSONAL NAME
- Personal name: Reang,Lincoln
670 ## - SOURCE DATA FOUND
- Source citation: Work cat.: (OSt)68951: Reang,Lincoln , History of the Reang ( BRU ), 2024









